000 01196cam a22002771 4500
001 unrulyrobin00dank
003 CaSfIA
005 20210119105218.0
007 cr||||
008 751126s1953 nyua 000 0 eng
035 _9(DLC) 53008357
856 4 1 _uhttp://www.archive.org/details/unrulyrobin00dank
_zFree eBook from the Internet Archive
856 4 2 _uhttp://www.openlibrary.org/books/OL6135072M
_zAdditional information and access via Open Library
010 _a 53008357
035 _a(OCoLC)1857603
040 _aDLC
_cFT
_dOCoLC
_dDLC
_dCaSfIA
042 _apremarc
050 0 0 _aPZ10.3.D2284
_bUn
100 1 _aDankovszky, Dorathea.
245 1 4 _aThe unruly robin,
_h[electronic resource]
_cby Dorathea Dana [pseud.] Illus. by the author.
260 _aNew York,
_bAbelard Press
_c[1953]
300 _a64 p.
_billus.
_c22 cm.
942 _cEB
506 _fНеобхідна авторизація на https://archive.org/ (створення облікового запису безкоштовно)
506 _fНеобхідна авторизація на https://openlibrary.org/ (створення облікового запису безкоштовно)
999 _c561294
_d561294